| 000 | 00580nam a2200217Ii 4500 | ||
|---|---|---|---|
| 001 | 15540 | ||
| 003 | CO-ViMGA | ||
| 008 | 241108s9999||||xx |||||||||||||| ||und|| | ||
| 020 | _a9561214822 | ||
| 040 |
_aCO-ViMGA _bspa _erda _cCO-ViMGA |
||
| 041 | 0 | _aspa | |
| 082 | 0 | 4 | _a823.73 S16i |
| 100 | 1 |
_aWalter Scott _952613 |
|
| 245 | 1 | 0 | _aIvanhoe |
| 264 | 1 | _aSantiago, Chile : Zig-Zag, 2008 | |
| 300 | _avolumen | ||
| 336 |
_atext _btxt _2rdacontent |
||
| 337 |
_aunmediated _bn _2rdamedia |
||
| 338 |
_avolume _bnc _2rdacarrier |
||
| 940 | _aidficha_siabuc: 15224. -- ficha_no_siabuc:15540 | ||
| 999 |
_c47406 _d47406 |
||